000 00762nam a2200289Ia 4500
001 17446
003 IT-RoPAU
008 130308s9999 xx 000 0 und d
040 _aIT-RoPAU
040 _cIT-RoPAU
041 _aITALIANO
100 _aCaprettini Gianpaolo
100 _gCodice Aut. SPICS: 11221
245 _aPirandello: una poetica dell'identità
245 _bSemiotica e Il doppio Teatrale (La)
250 _a1a ed.
260 _aNAPOLI
260 _bLiguori
260 _c1981 [1° Ed.:1981 - Ed.Ling.Originale:1981]
300 _a"11 p. (prefazione: no ; testo: 11 [pagine: 365-375])"
650 _aLINGUAGGIO TEATRALE
650 _eCodice materia Spics: 8404
942 _cBK
957 _71
999 _c61439
_d61439
999 _bSI
999 _g1